000 00310nam a2200097Ia 4500
008 220120s9999||||xx |||||||||||||| ||und||
100 _aKirana, Mahantesh and Umesha
_912386
245 0 _aWeb based content management system
260 _aCoorg Institute of Technology
_bPonnampet
_c2012
650 _aCOMPUTER SCIENCE
999 _c137973
_d137973